00354pab a2200133 454500008004000000100002300040245003900063260000900102300001500111362000800126650002500134650001300159773004800172180718b2013 xxu||||| |||| 00| 0 eng d aEccleston, Richard aThe tax reform agenda in Australia c2013 ap.103-113. aJun aTaxation - Australia aTaxation aAustralian Journal of Public Administration